Stanovení náchylnosti ekonomiky k nadměrným tlakům na měnový kurs
Prezentácia novej metodológie modelu zostaveného pre včasnú identifikáciu zvýšenej náchylnosti ekonomiky k nadmerným tlakom na menu a overenie jej účinnosti na údajoch za Českú republiku.
Salvato in:
| Autore principale: | |
|---|---|
| Natura: | Capitolo di libro |
| Lingua: | ceco |
| Soggetti: | |
| Tags: |
Nessun Tag, puoi essere il primo ad aggiungerne!!
|
MARC
| LEADER | 00000naa$a2200000$$$4500 | ||
|---|---|---|---|
| 001 | 0085511 | ||
| 005 | 20231019131512.0 | ||
| 041 | 0 | |a cze | |
| 044 | |a CZ | ||
| 245 | 1 | 0 | |a Stanovení náchylnosti ekonomiky k nadměrným tlakům na měnový kurs |c Michal Pazour |
| 520 | |a Prezentácia novej metodológie modelu zostaveného pre včasnú identifikáciu zvýšenej náchylnosti ekonomiky k nadmerným tlakom na menu a overenie jej účinnosti na údajoch za Českú republiku. | ||
| 610 | 2 | 0 | |a kurz menový |
| 610 | 2 | 0 | |a Česko |
| 610 | 2 | 0 | |a rozdiely kurzové |
| 610 | 2 | 0 | |a rezervy devízové |
| 610 | 2 | 0 | |a modely analytické ekonometrické |
| 610 | 2 | 0 | |a ukazovatele makroekonomické |
| 100 | 1 | |a Pazour, Michal | |